El Salvador: los acuerdos de San José
שמור ב:
| פורמט: | Texto |
|---|---|
| נושאים: | |
| תגים: |
הוספת תג
אין תגיות, היה/י הראשונ/ה לתייג את הרשומה!
|
MARC
| LEADER | 00000 a a2200000 04500 | ||
|---|---|---|---|
| 001 | 18015 | ||
| 003 | |||
| 040 | |||
| 245 | |a El Salvador: |b los acuerdos de San José | ||
| 650 | |a POLITICA | ||
| 650 | |a DERECHA | ||
| 650 | |a MOVIMIENTOS SOCIALES | ||
| 650 | |a EL SALVADOR | ||
| 773 | |g volumen 4, número 5; páginas 51 | ||
| 999 | |c 36884 |d 36884 | ||
| 773 | 0 | |0 42391 |9 3798 |a Agencia Latinoamericana de Información, ALAI |d Quito, Ecuador: ALAI |o 03847 |t ALAI: |x 08275564 (Servicio mensual de información y documentación) | |
